[Event "AUTO-OPEN-2072"]
[Site "http://www.queenalice.com/game.php?id=817993"]
[Date "2010.8.14"]
[Round "1"]
[White "Rolli"]
[Black "toin"]
[Result "1-0"]
[WhiteElo "1693"]
[BlackElo "1880"]

1. e4 d5 2. exd5 Qxd5 3. Nc3 Qd8 4. Bc4 Bf5 5. d4 e6 6. Nf3 Bg4 7. Be3 Bb4 8.
O-O c6 9. a3 Bxc3 10. bxc3 Ne7 11. h3 Bh5 12. Rb1 b6 13. a4 Nd7 14. Re1 Nf6 15.
Bg5 Nfd5 16. Qd3 Qc7 17. Bxe7 Nxe7 18. Ne5 Nd5 19. Nxc6 O-O 20. Bxd5 exd5 21.
Ne5 f6 22. Nf3 Bg6 23. Qd2 Rac8 24. Re3 Qc6 25. Nh4 Be8 26. Nf5 Rc7 27. Ne7+
Rxe7 28. Rxe7 Qxa4 29. Rbe1 Bg6 30. Qe2 Qxc2 31. Qxc2 Bxc2 32. Rxa7 Rb8 33. Ree7
g5 34. Rab7 Rc8 35. Rec7 Rxc7 36. Rxc7 Bd3 37. Rc6 b5 38. Rxf6 Kg7 39. Rf3 Bc4
40. Kh2 Kg6 41. g4 h5 42. gxh5+ Kxh5 43. Kg3 Kg6 44. h4 Kh5 45. hxg5 Kxg5 46.
Rf8 Bd3 47. f4+ Kg6 48. Kh4 Be2 49. Re8 Bd3 50. Re5 Bc4 51. Kg4 Kf6 52. f5 Bb3
53. Re6+ Kf7 54. Kg5 Bc2 55. Rh6 Kg7 56. f6+ Kf7 57. Rh8 1-0

[Event "AUTO-OPEN-2072"]
[Site "http://www.queenalice.com/game.php?id=817994"]
[Date "2010.8.14"]
[Round "1"]
[White "toin"]
[Black "Rolli"]
[Result "1/2-1/2"]
[WhiteElo "1884"]
[BlackElo "1814"]

1. d4 d5 2. Bf4 Nf6 3. Nc3 e6 4. a3 c5 5. e3 Nbd7 6. Nf3 Be7 7. Ne5 Nxe5 8. Bxe5
O-O 9. Qd2 Nd7 10. Bg3 a6 11. Be2 Re8 12. O-O b6 13. Bf3 Bb7 14. b3 Rc8 15. Be2
cxd4 16. exd4 Nb8 17. Bf3 Nc6 18. Rfe1 Bg5 19. Qd1 Bf6 20. Ne2 e5 21. dxe5 Nxe5
22. Bxe5 Bxe5 23. Ra2 h6 24. c4 Qc7 25. g3 dxc4 26. Bxb7 Qxb7 27. b4 c3 28. Rc2
Bf6 29. Rf1 Qf3 30. Nf4 Qxd1 31. Rxd1 Rcd8 32. Nd3 Rd7 33. Kf1 Red8 34. Ke2 a5
35. bxa5 bxa5 36. Rcc1 Re8+ 37. Kf3 g5 38. Ne1 Rxd1 39. Rxd1 Rd8 40. Rxd8+ Bxd8
41. a4 f5 42. h3 Kf7 43. g4 Ke6 44. Ke2 fxg4 45. hxg4 Kd5 46. Kd3 Bf6 47. f3 Kc5
48. Nc2 Bg7 49. Ne3 Kb4 50. Nf5 Bf8 51. Kc2 Kxa4 52. Kxc3 Ka3 53. Ne3 Ka2 54.
Kc2 a4 55. Nd5 Ka1 56. Nc3 a3 57. Ne4 Be7 58. Nd2 Bb4 59. Nb3+ Ka2 60. Nd4 Bc5
61. Nf5 Bf8 62. Ne3 Bc5 63. Nf5 Bf8 64. Nd4 Bc5 65. Nb5 Bf8 66. Nc3+ Ka1 67. Nd5
Ka2 68. f4 gxf4 69. Nxf4 Bd6 70. Nd3 Be7 71. Ne5 Bf6 72. Nc4 Bg5 73. Ne5 Bf6
1/2-1/2

[Event "Challenge"]
[Site "http://www.queenalice.com/game.php?id=836140"]
[Date "2010.9.22"]
[Round "-"]
[White "Rolli"]
[Black "melo41"]
[Result "0-1"]
[WhiteElo "1888"]
[BlackElo "1692"]

1. e4 c6 2. Nf3 d5 3. exd5 cxd5 4. d4 Nf6 5. Be2 Bg4 6. O-O e6 7. Bg5 Be7 8.
Nbd2 O-O 9. h3 Bxf3 10. Nxf3 Nc6 11. c3 Ne4 12. Bxe7 Qxe7 13. Bd3 Nd6 14. Qc2 h6
15. Rfe1 Rac8 16. Qe2 Qf6 17. Ne5 Rfe8 18. Bb5 Nxb5 0-1

[Event "AUTO-OPEN-2072"]
[Site "http://www.queenalice.com/game.php?id=854651"]
[Date "2010.11.4"]
[Round "2"]
[White "Rolli"]
[Black "igorbarca"]
[Result "1-0"]
[WhiteElo "1897"]
[BlackElo "1820"]

1. e4 e5 2. Nf3 Nc6 3. Bb5 a6 4. Ba4 b5 5. Bb3 h6 6. c3 Nf6 7. d3 Be7 8. Be3 O-O
9. Nbd2 d6 10. O-O Bg4 11. h3 Bd7 12. Re1 Qc8 13. a4 Nh5 14. d4 Re8 15. dxe5
Nxe5 16. Nxe5 dxe5 17. Qxh5 Be6 18. axb5 Bd6 19. Bxe6 Qxe6 20. bxa6 Reb8 21. b4
Rb5 22. Qe2 Rbb8 23. a7 Re8 24. Ra6 Qg6 25. Qb5 f5 26. Bc5 f4 27. Bxd6 cxd6 28.
Qd5+ Qe6 29. Rxd6 Qxd5 30. exd5 Rxa7 31. c4 Ra2 32. Ne4 Ra4 33. Rb1 Kf8 34. c5
Rb8 35. c6 1-0

[Event "AUTO-OPEN-2072"]
[Site "http://www.queenalice.com/game.php?id=854652"]
[Date "2010.11.4"]
[Round "2"]
[White "igorbarca"]
[Black "Rolli"]
[Result "0-1"]
[WhiteElo "1820"]
[BlackElo "1920"]

1. Nf3 Nf6 2. b3 g6 3. Bb2 Bg7 4. c4 d6 5. g3 O-O 6. Bg2 e6 7. O-O Nc6 8. d4 Bd7
9. Na3 a6 10. Rc1 Nb4 11. c5 Nxa2 12. Ra1 Nb4 13. Nc4 Bb5 14. Ba3 dxc5 15. dxc5
Qxd1 16. Rfxd1 Nc2 17. Ra2 Nxa3 18. Rxa3 Bxc4 19. bxc4 Rfd8 20. Rad3 Rxd3 21.
Rxd3 a5 22. Ra3 Bf8 23. Rb3 a4 24. Rxb7 a3 25. Nd2 Rd8 26. Nb3 Rd1+ 27. Bf1 Rb1
28. e3 a2 29. Ra7 Rxb3 30. Rxa2 Bxc5 31. Ra8+ Kg7 32. Rc8 Rb7 33. Bg2 Ra7 0-1

[Event "AUTO-OPEN-2072"]
[Site "http://www.queenalice.com/game.php?id=854653"]
[Date "2010.11.4"]
[Round "2"]
[White "Rolli"]
[Black "sandromm"]
[Result "1-0"]
[WhiteElo "1760"]
[BlackElo "1643"]

1. e4 e5 2. Nf3 Nc6 3. Bb5 Nge7 4. c3 a6 5. Ba4 b5 6. Bb3 d6 7. d4 exd4 8. cxd4
Bb7 9. O-O Na5 10. Bxf7+ Kxf7 11. Re1 g6 12. Ng5+ Kg8 13. Qf3 Qe8 14. Qf6 Bg7
15. Qe6+ Kf8 16. Re3 Nc4 17. Rf3+ Nf5 18. exf5 Bxf3 19. Nxf3 Qxe6 20. fxe6 Re8
21. b3 Nb6 22. Bb2 Rxe6 23. Nc3 Ke7 24. Ng5 Re2 25. Rb1 Bxd4 26. Nxe2 Bxb2 27.
Rxb2 c5 28. Nc3 h6 29. Re2+ Kd7 30. Nge4 Re8 31. Nf6+ 1-0

[Event "AUTO-OPEN-2072"]
[Site "http://www.queenalice.com/game.php?id=854654"]
[Date "2010.11.4"]
[Round "2"]
[White "sandromm"]
[Black "Rolli"]
[Result "1-0"]
[WhiteElo "1610"]
[BlackElo "1821"]

1. e4 e5 2. Nf3 Nc6 3. Bb5 a6 4. Bxc6 dxc6 5. Nxe5 Qd4 6. f4 Qxe4+ 7. Kf1 Qxf4+
8. Nf3 Bg4 9. d3 O-O-O 10. Bxf4 Nf6 11. h3 Bh5 12. g4 Bg6 13. Ne5 Bc5 14. Rh2
1-0

[Event "AUTO-OPEN-2072"]
[Site "http://www.queenalice.com/game.php?id=922849"]
[Date "2011.4.7"]
[Round "3"]
[White "Rolli"]
[Black "luciano"]
[Result "1-0"]
[WhiteElo "1938"]
[BlackElo "2096"]

1. e4 e5 2. Nf3 Nc6 3. Bb5 Nf6 4. O-O Bc5 5. Nc3 O-O 6. d3 a6 7. Ba4 b5 8. Bb3
Bb7 9. Bg5 Qe7 10. Nd5 Qd6 11. Nxf6+ gxf6 12. Bh6 Rfe8 13. Nh4 Ne7 14. Qh5 Bd5
15. Bxd5 Nxd5 16. Qg4+ 1-0

[Event "AUTO-OPEN-2072"]
[Site "http://www.queenalice.com/game.php?id=922850"]
[Date "2011.4.7"]
[Round "3"]
[White "luciano"]
[Black "Rolli"]
[Result "1-0"]
[WhiteElo "2113"]
[BlackElo "1967"]

1. e4 e5 2. d4 exd4 3. c3 Nf6 4. e5 Ne4 5. Qc2 d5 6. Bd3 dxc3 7. Bb5+ c6 8. Ba4
Bc5 9. Be3 Bxe3 10. fxe3 Qh4+ 11. g3 cxb2 12. Qxb2 Nxg3 13. Nf3 Qxa4 14. hxg3
Qe4 15. O-O Qxe3+ 16. Rf2 O-O 17. Nbd2 Nd7 18. Nf1 Nc5 19. Nxe3 1-0

[Event "AUTO-OPEN-2345"]
[Site "http://www.queenalice.com/game.php?id=931275"]
[Date "2011.4.28"]
[Round "1"]
[White "luhosavi"]
[Black "Rolli"]
[Result "0-1"]
[WhiteElo "2088"]
[BlackElo "1950"]

1. e4 e5 2. Nf3 Nc6 3. d4 exd4 4. Bc4 Nf6 5. e5 Ng4 6. Qe2 Bc5 7. h3 Nh6 8. Bxh6
gxh6 9. Bxf7+ Kxf7 10. Qc4+ d5 11. Qxc5 Be6 12. O-O Rg8 13. Kh2 Qe7 14. Qxe7+
Kxe7 15. Nbd2 Raf8 16. Nb3 b6 17. Nfxd4 Nxd4 18. Nxd4 Kd7 19. Nxe6 Kxe6 20. f4
c5 21. Rf3 h5 22. g3 d4 23. b3 Rf5 24. h4 Rgf8 25. a4 Rxe5 26. Raf1 Re2+ 27.
R1f2 Rxf2+ 28. Rxf2 Kd5 29. Re2 Rf7 0-1

[Event "AUTO-OPEN-2345"]
[Site "http://www.queenalice.com/game.php?id=931276"]
[Date "2011.4.28"]
[Round "1"]
[White "Rolli"]
[Black "luhosavi"]
[Result "1-0"]
[WhiteElo "1925"]
[BlackElo "2088"]

1. e4 c5 2. Nf3 Nc6 3. d4 cxd4 4. Nxd4 g6 5. Nc3 Bg7 6. Be3 Nf6 7. Be2 O-O 8.
Nb3 a5 9. O-O a4 10. Nd4 Nxd4 11. Bxd4 d6 12. a3 Bd7 13. e5 dxe5 14. Bxe5 Ra5
15. Bd4 Bc6 16. Be3 Qxd1 17. Raxd1 Nd5 18. Nxd5 Rxd5 19. b3 axb3 20. cxb3 Rfd8
21. Rxd5 Rxd5 22. Bf3 Rd3 23. Bxc6 bxc6 24. Rb1 f5 25. g3 Kf7 26. a4 Bc3 27. b4
e5 28. b5 1-0

[Event "AUTO-OPEN-2345"]
[Site "http://www.queenalice.com/game.php?id=931299"]
[Date "2011.4.28"]
[Round "1"]
[White "Rolli"]
[Black "Pedro666"]
[Result "0-1"]
[WhiteElo "1939"]
[BlackElo "2331"]

1. e4 Nf6 2. e5 Nd5 3. c4 Nb6 4. d4 d6 5. exd6 exd6 6. Nc3 Be7 7. Qf3 Nc6 8. Be3
O-O 9. O-O-O Bg5 10. Bd3 Nb4 11. Nge2 Nxd3+ 12. Rxd3 Nxc4 13. Bxg5 Qxg5+ 14. Nf4
Qg4 15. Qxg4 Bxg4 16. h3 Bf5 17. Rf3 c6 18. Nfd5 Be6 19. Nc7 Rac8 20. Nxe6 fxe6
21. Rxf8+ Kxf8 22. Re1 e5 23. dxe5 Nxe5 24. Kc2 Re8 25. b3 d5 26. f3 h5 27. Kd2
Ng6 28. Rxe8+ Kxe8 29. g3 h4 0-1

[Event "AUTO-OPEN-2345"]
[Site "http://www.queenalice.com/game.php?id=931300"]
[Date "2011.4.28"]
[Round "1"]
[White "Pedro666"]
[Black "Rolli"]
[Result "1-0"]
[WhiteElo "2318"]
[BlackElo "1940"]

1. Nf3 Nc6 2. d4 d5 3. c4 Nf6 4. cxd5 Nxd5 5. e4 Nb6 6. d5 Nb8 7. Nd4 e6 8. dxe6
Bxe6 9. Nxe6 Qxd1+ 10. Kxd1 fxe6 11. Be3 N8d7 12. Bd3 Bc5 13. Ke2 Bxe3 14. Kxe3
O-O 15. f4 Nc5 16. Be2 Nca4 17. b3 Nc5 18. Rc1 Ncd7 19. Rxc7 Rab8 20. Na3 Rfc8
21. Rac1 Kf8 22. Nb5 Rxc7 23. Rxc7 1-0

[Event "AUTO-OPEN-2345"]
[Site "http://www.queenalice.com/game.php?id=931301"]
[Date "2011.4.28"]
[Round "1"]
[White "Rolli"]
[Black "carlosjvega"]
[Result "0-1"]
[WhiteElo "1955"]
[BlackElo "1724"]

1. e4 e5 2. Nf3 Nc6 3. Bb5 d6 4. c3 a6 5. Ba4 b5 6. Bb3 Na5 7. Bc2 Bb7 8. d4
exd4 9. cxd4 c5 10. Be3 c4 11. O-O Nf6 12. Nbd2 d5 13. e5 Ne4 14. Nxe4 dxe4 15.
Ng5 Be7 16. Nxe4 O-O 17. Qh5 h6 18. Bxh6 g6 19. Qf3 Re8 20. Nf6+ Bxf6 21. Qxf6
Qxf6 22. exf6 Re2 23. Rac1 Nc6 24. Be3 Nb4 25. Bd1 Rxb2 26. a4 Be4 27. Bf3 Bxf3
28. gxf3 Rd8 29. axb5 axb5 30. Ra1 Nc2 31. Rab1 Rxb1 32. Rxb1 b4 33. Kf1 b3 34.
Ke2 Nxd4+ 35. Bxd4 Rxd4 36. Ke3 Rd6 0-1

[Event "AUTO-OPEN-2345"]
[Site "http://www.queenalice.com/game.php?id=931302"]
[Date "2011.4.28"]
[Round "1"]
[White "carlosjvega"]
[Black "Rolli"]
[Result "1-0"]
[WhiteElo "1515"]
[BlackElo "1938"]

1. e4 e5 2. Nf3 Nc6 3. Bb5 a6 4. Bxc6 dxc6 5. O-O f6 6. c4 Bg4 7. d4 Bxf3 8.
Qxf3 exd4 9. Rd1 c5 10. Nc3 c6 11. e5 Qc7 12. Ne4 Qxe5 13. Bf4 Qe7 14. Re1 O-O-O
15. Nd6+ Qxd6 16. Bxd6 Bxd6 17. Qg4+ 1-0